Riadenie je na 90 percent remeslo, ktorému sa dá naučiť

Rozhovor s V. Feckovou, expertkou na optimalizáciu výroby a bezpečnostný manažment. Podnikanie a problémy životného prostredia. Vzťah k životnému prostrediu súvisí s celkovou kultúrou vo firme. Efektívnosť a životné prostredie. Manažéri budú nútení akceptovať svetový trend - trvalú udržateľnosť. Pos...

Full description

Saved in:
Bibliographic Details
Main Author: Začková, Katarína
Other Authors: Fecková, Viera
Format: Book Chapter
Language:Slovak
Subjects:
Tags: Add Tag
No Tags, Be the first to tag this record!

MARC

LEADER 00000naa a2200000 4500
001 r040882
005 20230921111047.6
041 0 |a slo 
044 |a SK 
245 1 0 |a Riadenie je na 90 percent remeslo, ktorému sa dá naučiť  |c Katarína Začková 
520 |a Rozhovor s V. Feckovou, expertkou na optimalizáciu výroby a bezpečnostný manažment. Podnikanie a problémy životného prostredia. Vzťah k životnému prostrediu súvisí s celkovou kultúrou vo firme. Efektívnosť a životné prostredie. Manažéri budú nútení akceptovať svetový trend - trvalú udržateľnosť. Postoje manažérov k životnému prostrediu. Vzdelávanie topmanažérov. 
610 2 0 |a riadenie 
610 2 0 |a manažment 
610 2 0 |a prostredie životné 
610 2 0 |a kultúra podniková 
610 2 0 |a efektívnosť 
610 2 0 |a vzdelávanie ďalšie 
610 2 0 |a Slovensko 
610 2 0 |a manažéri 
610 2 0 |a rozvoj trvalo udržateľný 
100 1 |a Začková, Katarína 
700 1 |a Fecková, Viera